Normal view
MARC view
Entry Personal Name
001 - CONTROL NUMBER
- control field: 548316
003 - CONTROL NUMBER IDENTIFIER
- control field: OSt
005 - DATE AND TIME OF LATEST TRANSACTION
- control field: 20220930092245.0
008 - FIXED-LENGTH DATA ELEMENTS
- fixed length control field: 220930|| aca||aabn | a|a d
040 ## - CATALOGING SOURCE
- Original cataloging agency: OSt
- Transcribing agency: OSt
100 ## - HEADING--PERSONAL NAME
- Personal name: Mosab I. M. Tabash
670 ## - SOURCE DATA FOUND
- Source citation: Work cat.: (OSt)883498: Mosab I. M. Tabash, Role and challenges of Islamic finance in the growth of the economies of middle east , 2014
